El tesoro nazi de isla Robinson Crusoe /

محفوظ في:
التفاصيل البيبلوغرافية
المؤلف الرئيسي: Val Fernández, José de (autor)
التنسيق: كتاب
اللغة:الإسبانية
منشور في: Santiago, Chile : Mare Nostrum, 2004, c2004
الموضوعات:
الوسوم: إضافة وسم
لا توجد وسوم, كن أول من يضع وسما على هذه التسجيلة!

MARC

LEADER 00000nam^a2200000^a^4500
001 000186938
005 20250521000000.0
009 20260310102243.924
020 |a 956-8089-03-9 
037 |a Acervo ITESO - Biblioteca 
041 |a ESP 
082 |a 863.  |b VAL 
100 |a Val Fernández, José de  |e (autor) 
245 1 3 |a El tesoro nazi de isla Robinson Crusoe /  |c J. de Val Fernández. 
264 4 |a Santiago, Chile :  |b Mare Nostrum,  |c 2004, c2004 
300 |a 148 p. 
336 |a texto  |b txt  |2 rdacontenido 
337 |a sin mediación  |b n  |2 rdamedio 
338 |a volumen  |b nc  |2 rdasoporte 
649 |a XX 
650 |a Novela Chilena 
650 |a Literatura Chilena -  |y Siglo XXI 
650 |a Literatura Policíaca y de Misterio -  |z Chile 
650 |a Isla Robinson Crusoe, Chile en la Literatura 
650 |a Islas Juan Fernández, Chile en la Literatura 
910 |a Fondo General 
920 |a Impresos - Libros 
930 |a Colección General 
940 |a Literatura 
905 |a 101 
901 |a 0500128800  |b IT1  |c LIT  |u 20250521 
902 |a https://opac.biblio.iteso.mx/vufind/Record/000186938